Konkurenceschopnost zemí: vývoj teoretického pojetí a nejkonkurenceschopnější země světa za rok 2016
Vymedzenie pojmu a klasifikácia konkurencieschopnosti. Vokajšie a agregátne chápanie pojmu konkurencieschopnosť krajín. Multikriteriálne chápanie pojmu konkurencieschopnosť krajín. Determinanty ekonomického rastu a konkurencieschopnosti. Aktuálny stav konkurencieschopnosti krajín rok 2016.
Salvato in:
| Autore principale: | |
|---|---|
| Natura: | Capitolo di libro |
| Lingua: | ceco |
| Soggetti: | |
| Tags: |
Nessun Tag, puoi essere il primo ad aggiungerne!!
|
MARC
| LEADER | 00000naa a2200000 4500 | ||
|---|---|---|---|
| 001 | 0239929 | ||
| 005 | 20220725082459.2 | ||
| 041 | 0 | |a cze | |
| 044 | |a CZ | ||
| 245 | 1 | 0 | |a Konkurenceschopnost zemí: vývoj teoretického pojetí a nejkonkurenceschopnější země světa za rok 2016 |c Eliška Kačírková |
| 520 | |a Vymedzenie pojmu a klasifikácia konkurencieschopnosti. Vokajšie a agregátne chápanie pojmu konkurencieschopnosť krajín. Multikriteriálne chápanie pojmu konkurencieschopnosť krajín. Determinanty ekonomického rastu a konkurencieschopnosti. Aktuálny stav konkurencieschopnosti krajín rok 2016. | ||
| 610 | 2 | 0 | |a konkurencieschopnosť |
| 610 | 2 | 0 | |a pojmy |
| 610 | 2 | 0 | |a rast hospodársky |
| 610 | 2 | 0 | |a konkurencia |
| 610 | 2 | 0 | |a obchod medzinárodný |
| 610 | 2 | 0 | |a politika hospodárska |
| 610 | 2 | 0 | |a prostredie ekonomické |
| 100 | 1 | |a Kačírková, Eliška | |